The Professional’s Guide to Target Marketing / (Record no. 6569)
[ view plain ]
| 000 -LEADER | |
|---|---|
| fixed length control field | 00942nac a22002171u 4500 |
| 008 - FIXED-LENGTH DATA ELEMENTS--GENERAL INFORMATION | |
| fixed length control field | 101019t xxu||||| |||| 00| 0 eng d |
| 010 ## - LIBRARY OF CONGRESS CONTROL NUMBER | |
| LC control number | 009811290 |
| 020 ## - INTERNATIONAL STANDARD BOOK NUMBER | |
| International Standard Book Number | 0156070510 |
| 020 ## - INTERNATIONAL STANDARD BOOK NUMBER | |
| International Standard Book Number | 9780156070515 |
| 082 ## - DEWEY DECIMAL CLASSIFICATION NUMBER | |
| Classification number | 658.802 |
| Item number | COT |
| 100 ## - MAIN ENTRY--PERSONAL NAME | |
| Personal name | Cottle, David W. (Daviiam) |
| 9 (RLIN) | 20489 |
| 245 ## - TITLE STATEMENT | |
| Title | The Professional’s Guide to Target Marketing / |
| Statement of responsibility, etc | David W. Cottle. |
| 260 ## - PUBLICATION, DISTRIBUTION, ETC. (IMPRINT) | |
| Place of publication, distribution, etc | San Diego ; London : |
| Name of publisher, distributor, etc | Harcourt Professional, 2000. |
| Date of publication, distribution, etc | 2000. |
| 300 ## - PHYSICAL DESCRIPTION | |
| Extent | 407 P.; |
| Dimensions | 23 cm. |
| 511 ## - PARTICIPANT OR PERFORMER NOTE | |
| Participant or performer note | Catalogued by: Sara |
| 650 ## - SUBJECT ADDED ENTRY--TOPICAL TERM | |
| Topical term or geographic name as entry element | Target Marketing. |
| 9 (RLIN) | 20490 |
| 650 ## - SUBJECT ADDED ENTRY--TOPICAL TERM | |
| Topical term or geographic name as entry element | Small business |
| 9 (RLIN) | 17581 |
| General subdivision | Management. |
| 942 ## - ADDED ENTRY ELEMENTS (KOHA) | |
| Item type | Book - Borrowing |
| Call number prefix | 658.802 COT |
| Source of classification or shelving scheme | Dewey Decimal Classification |
| Withdrawn status | Item status | Source of classification or shelving scheme | Materials specified (bound volume or other part) | Damaged status | Not for loan | Vendor | Home library | Current library | Shelving location | Date acquired | Source of acquisition | Total Checkouts | Full call number | Barcode | Date last seen | Date last borrowed | Koha item type |
|---|---|---|---|---|---|---|---|---|---|---|---|---|---|---|---|---|---|
| Lost | Dewey Decimal Classification | Lost In Inventory_2015-8-23 | Central Library | Central Library | First floor | 19/10/2010 | 2 | 658.802 COT | 000008057 | 27/07/2010 | 27/07/2010 | Book - Borrowing | |||||
| Dewey Decimal Classification | Central Library | Central Library | First floor | 19/10/2010 | 658.802 COT | 000022416 | 24/08/2022 | CD | DVD - With book |